=LDR 00000nam 2200000 4500 =001 INLIS000000000054511 =005 20200207021757 =035 ##$$a 0010-0220000073 =007 ta =008 200207################g##########0#ind## =020 ##$$a 979-428-494-7 =082 ##$$a 091 =084 ##$$a 091 CHR w =100 #$$a Christomy, T =245 1#$$a Wawacan sama'un : $b Teks dan analisis struktur /$c T. Christomy =260 ##$$a Jakarta :$b Yasayan Naskah Nusantara,$c 2003 =300 ##$$a viii, 404 hlm. ; $c 14 x 21 cm =500 ##$$a Bibliografi : hlm. 341-345 =650 #4$$a Manuskrip Arab =990 ##$$a 00210021 =990 ##$$a 00210021 =990 ##$$a 00210021 =990 ##$$a 30502635 =990 ##$$a 1200500021 =990 ##$$a 1200500022 =990 ##$$a 30502637 =990 ##$$a 1200500021 =990 ##$$a 30502635 =990 ##$$a 30502634 =990 ##$$a 30502637 =990 ##$$a 30502635 =990 ##$$a 30502635 =990 ##$$a 30502634 =990 ##$$a 30502637